000 01503cam a22002653a 4500
001 30109
003 PGUSA
005 20140828083642.0
008 090927s2009||||xxu|||||s|||||000 | eng d
040 _aPGUSA
_beng
042 _adc
050 4 _aPZ
245 1 4 _aThe Russian Garland, Being Russian Folk Tales
_h[electronic resource]
260 _bProject Gutenberg,
_c2009
505 0 _aStory of Lyubim Tsarevich and the winged wolf -- Story of the most wonderful and noble self-playing harp -- The seven brothers Simeon -- Story of Ivan, the peasant's son -- Story of the golden mountain -- Iliya of Murom and the robber nightingale -- The renowned hero, Bova Korolevich and the Princess Drushnevna -- The mild man and his cantankerous wife -- Story of the duck with golden eggs -- Story of Bulat the brave companion -- Story of Prince Malandrach and the Princess Salikalla -- Story of a shoemaker and his servant Prituitshkin -- Emelyan, the fool -- The judgment of Shemyaka -- Story of Prince peter with the golden keys, and the Princess Magilene -- Sila Tsarevich and Ivashka and the white smock -- Story of the knight Yaroslav Lasarevich and the Princess Anastasia.
506 _aPublic domain in the USA.
516 _aElectronic text
653 _aTales -- Russia
653 _aFairy tales -- Russia
700 1 _aSteele, Robert Reynolds
700 1 _aRosciszewski, J. R. de
830 0 _aProject Gutenberg
_v30109
856 4 0 _uhttp://www.gutenberg.org/ebooks/30109
942 _cEB
999 _c259364
_d259364